| 000 | 00910nam a2200313 a 4500 | ||
|---|---|---|---|
| 001 | 000112591 | ||
| 003 | CHAP | ||
| 005 | 20220329144313.0 | ||
| 008 | 160727s2016 mx a |r| |||1|||spa d | ||
| 010 | _a109052 | ||
| 011 | _a110024 | ||
| 020 | _a9786078328345 | ||
| 040 | _cCHAP | ||
| 082 | 0 | 4 |
_a5982924 _bG37 |
| 100 | 1 |
_aGermain, Paul _9130973 |
|
| 245 | 1 | 0 |
_aAves de las lagunas costeras de Oaxaca, México / _cpor Paul Germain y Mateo Ruiz Bruce. |
| 260 |
_aCiudad de México : _bCONABIO, _c2016. |
||
| 300 |
_a282 p. : _bil. |
||
| 590 |
_aBATCH-UPD _b05 _c20160727 _lUCH01 _h1642 |
||
| 590 |
_aE6096MTM _b05 _c20160727 _lUCH01 _h1641 |
||
| 650 | 1 | 4 |
_aAves _xClasificación. _98598 |
| 650 | 1 | 4 |
_aAves _xIdentificación. _98612 |
| 650 | 1 | 4 |
_aAves _zOaxaca. _9130975 |
| 650 | 1 | 4 |
_aVida silvestre _xOaxaca. _9119192 |
| 700 | 1 |
_aRuiz Bruce, Mateo _9130974 |
|
| 901 | _aBK | ||
| 942 | _cLIBRO | ||
| 942 | _n0 | ||
| 999 |
_c109052 _d109052 |
||